000 00525nam a2200169Ia 4500
005 20250923144904.0
008 008 250917s9999 xx 000 0 eng d
037 _aTextual
040 _aDSWL
_beng
_cDSWL
041 _aeng
_2eng
084 _aY1:4:6p73:M14, K2
_qDSWL
245 0 _aSocial Welfare Forum, 1962
_cby National Conference of Social Welfare
260 _aNew York
_bColumbia University Pres
_c1962
300 _axxviii,275p.
942 _cTEXL
_hY1:4:6p73:M14, K2
999 _c1444621
_d1444621